| 000 | 00926nam a2200289 i 4500 | ||
|---|---|---|---|
| 003 | DO-SdBNP | ||
| 005 | 20250822095338.0 | ||
| 007 | ta | ||
| 008 | 230920b2022 dr c|||| |||| 00| 0 spa d | ||
| 020 | _a9789945934205 | ||
| 040 |
_aDO-SdBNP _bspa _cBNPHU _erda |
||
| 041 | _aspa | ||
| 082 | 4 |
_a920.72 _bR173c, 2021 _222 |
|
| 100 | 1 |
_aCordero, Margarita, _eautor _4aut. _939 |
|
| 245 | 1 | 0 |
_aEdith Ramírez Ferreira / _cMargarita Cordero |
| 264 | 4 |
_aSanto Domingo : _bMinisterio de la Mujer, _c©2022. |
|
| 300 |
_a92 páginas : _bretratos ; _c23 cm. |
||
| 336 |
_atexto _btxt _2rdacontent |
||
| 337 |
_asin mediación _bn _2rdamedia |
||
| 338 |
_avolumen _bnc _2rdacarrier |
||
| 490 | _aSerie Biografías | ||
| 500 | _aIncluye datos biográficos del autor en la solapa de la contracubierta | ||
| 586 | _aMedalla al Mérito de la Mujer dominicana 2021. | ||
| 590 | _aInventariado, 2023/DG | ||
| 910 | _aDG | ||
| 942 |
_2ddc _cLBS1 |
||
| 999 |
_c55250 _d55250 |
||